Paranoid Android, by Radiohead Lyrics - Statistics

General Stats
  • This quiz has been taken 46 times
  • The average score is 157 of 252
Answer Stats
Answer % Correct
(I
100%
I
100%
a
94%
an
91%
you
91%
You
91%
and
89%
the
89%
The
89%
am
83%
android)
83%
my
83%
no
83%
paranoid
83%
be
80%
he
80%
in
80%
all
77%
head
77%
of
77%
to
77%
your
77%
at
74%
I'm
74%
is
74%
that
74%
With
74%
with
74%
but
71%
don't
71%
not
71%
pig
71%
remember
71%
When
71%
will
71%
against
69%
consequence
69%
could
69%
From
69%
it
69%
king
69%
name
69%
noise
69%
opinion
69%
piggy
69%
Please
69%
stop
69%
wall
69%
What's
69%
get
66%
great
66%
his
66%
look
66%
makes
66%
may
66%
me
66%
on
66%
pretty
66%
rest
66%
some
66%
ugly
66%
which
66%
down
63%
Gucci
63%
little
63%
Rain
63%
rain
63%
screaming
63%
trying
63%
voices
63%
chicken
60%
children
60%
first
60%
height
60%
Why
60%
Ambition
57%
God
57%
guess
57%
loves
57%
unborn
57%
Yeah
57%
Come
54%
does
51%
Off
51%
off
51%
vomit
51%
You're
51%
sir
49%
That's
49%
Kicking
46%
leaving
46%
man
46%
Oh
46%
oh
46%
skin
46%
crackle
43%
networking
43%
yuppies
43%
dust
40%
panic
40%
squealing
37%
La
29%
la
29%
No matching quizzes found
Score Distribution
Percent of People with Each Score
Percentile by Number Answered
Your Score History
You have not taken this quiz